<?xml version="1.0" encoding="UTF-8"?>
<record
    xmlns:xsi="http://www.w3.org/2001/XMLSchema-instance"
    xsi:schemaLocation="http://www.loc.gov/MARC21/slim http://www.loc.gov/standards/marcxml/schema/MARC21slim.xsd"
    xmlns="http://www.loc.gov/MARC21/slim">

  <leader>00906nam a22002057a 4500</leader>
  <controlfield tag="005">20230708120326.0</controlfield>
  <controlfield tag="008">230706b           ||||| |||| 00| 0 eng d</controlfield>
  <datafield tag="040" ind1=" " ind2=" ">
    <subfield code="c">AL</subfield>
  </datafield>
  <datafield tag="041" ind1=" " ind2=" ">
    <subfield code="a">mal</subfield>
  </datafield>
  <datafield tag="082" ind1=" " ind2=" ">
    <subfield code="2">23</subfield>
    <subfield code="a">894.8129</subfield>
    <subfield code="b">AHMM</subfield>
  </datafield>
  <datafield tag="100" ind1=" " ind2=" ">
    <subfield code="a">K M Ahmed: &#xD15;&#xD46; &#xD0E;&#xD02; &#xD06;&#xD39;&#xD4D;&#xD2E;&#xD46;&#xD26;&#xD4D; Ed</subfield>
    <subfield code="9">126079</subfield>
  </datafield>
  <datafield tag="245" ind1=" " ind2=" ">
    <subfield code="a">Mahakavi Moyinkutty Vaidyar Padanangal:</subfield>
    <subfield code="b">&#xD2E;&#xD39;&#xD3E;&#xD15;&#xD35;&#xD3F; &#xD2E;&#xD4B;&#xD2F;&#xD3F;&#xD7B;&#xD15;&#xD41;&#xD1F;&#xD4D;&#xD1F;&#xD3F; &#xD35;&#xD48;&#xD26;&#xD4D;&#xD2F;&#xD7C; &#xD2A;&#xD1F;&#xD19;&#xD4D;&#xD19;&#xD7E; </subfield>
  </datafield>
  <datafield tag="260" ind1=" " ind2=" ">
    <subfield code="a">Mallapuram</subfield>
    <subfield code="b">Mahakavi Moyinkutty Vaidyar Smaraka Committee</subfield>
    <subfield code="c">2006</subfield>
  </datafield>
  <datafield tag="300" ind1=" " ind2=" ">
    <subfield code="a">278p.</subfield>
    <subfield code="b">PB</subfield>
    <subfield code="c">21x14cm.</subfield>
  </datafield>
  <datafield tag="365" ind1=" " ind2=" ">
    <subfield code="2">Malyalam</subfield>
    <subfield code="b">150.00</subfield>
    <subfield code="c">&#x20B9;</subfield>
    <subfield code="d">150.00</subfield>
  </datafield>
  <datafield tag="650" ind1=" " ind2=" ">
    <subfield code="a">Malayalm Criticism: &#xD2E;&#xD32;&#xD2F;&#xD3E;&#xD33;&#xD02; &#xD15;&#xD4D;&#xD30;&#xD3F;&#xD1F;&#xD4D;&#xD1F;&#xD3F;&#xD38;&#xD3F;&#xD38;&#xD02; </subfield>
    <subfield code="9">125815</subfield>
  </datafield>
  <datafield tag="650" ind1=" " ind2=" ">
    <subfield code="a">Collection of Essays on Life and works of Mahakavi Moinkutty Vaidyar (1852-1892)</subfield>
    <subfield code="9">126080</subfield>
  </datafield>
  <datafield tag="700" ind1=" " ind2=" ">
    <subfield code="a">AHMED (K M): &#xD06;&#xD39;&#xD4D;&#xD2E;&#xD46;&#xD26;&#xD4D; (&#xD15;&#xD46; &#xD0E;&#xD02;) Ed</subfield>
    <subfield code="9">125816</subfield>
  </datafield>
  <datafield tag="942" ind1=" " ind2=" ">
    <subfield code="2">ddc</subfield>
    <subfield code="c">DB</subfield>
  </datafield>
  <datafield tag="999" ind1=" " ind2=" ">
    <subfield code="c">227756</subfield>
    <subfield code="d">227756</subfield>
  </datafield>
  <datafield tag="952" ind1=" " ind2=" ">
    <subfield code="0">0</subfield>
    <subfield code="1">0</subfield>
    <subfield code="2">ddc</subfield>
    <subfield code="4">0</subfield>
    <subfield code="7">0</subfield>
    <subfield code="8">OTH</subfield>
    <subfield code="a">AL</subfield>
    <subfield code="b">AL</subfield>
    <subfield code="d">2023-06-14</subfield>
    <subfield code="l">0</subfield>
    <subfield code="o">894.8129 AHMM</subfield>
    <subfield code="p">D05814</subfield>
    <subfield code="r">2023-07-06 00:00:00</subfield>
    <subfield code="w">2023-07-06</subfield>
    <subfield code="y">DB</subfield>
    <subfield code="z">Donated by Sara Abubakkar</subfield>
  </datafield>
</record>
